[Event "Doeberl Cup U1200 47th"]
[Site "Canberra"]
[Date "2009.04.10"]
[Round "3"]
[White "Zellner, Aidan"]
[Black "Chiddy, Lance"]
[Result "0-1"]
[WhiteElo "441"]
[BlackElo "918"]
[PlyCount "38"]
[EventDate "2009.04.10"]
[EventType "swiss"]
[EventRounds "6"]
[EventCountry "AUS"]
[SourceTitle "CBM 129 Extra"]
[Source "ChessBase"]
[SourceDate "2009.05.05"]
[SourceVersion "2"]
[SourceVersionDate "2009.05.20"]
[SourceQuality "1"]

1. c4 d5 2. cxd5 e6 3. dxe6 Bxe6 4. d4 Nf6 5. Nf3 Nc6 6. Nc3 Bb4 7. e3 0-0 8. Bd3 Qd7 9. Ne5 Nxe5 10. dxe5 Ng4 11. f3 Nxe5 12. Bd2 Nxd3+ 13. Ke2 Bc4 14. b3 Nb2+ 15. bxc4 Nxd1 16. Rhxd1 Qe6 17. Nb5 Qxc4+ 18. Ke1 Qxb5 19. Bxb4 Qxb4+ 0-1